| 000 | 01680nam a22002057a 4500 | ||
|---|---|---|---|
| 999 |
_c58521 _d58521 |
||
| 003 | Ge_BSU | ||
| 005 | 20220518121215.0 | ||
| 008 | 220518s2019 ge ||||| |||| 00| 0 geo d | ||
| 020 | _a9789941488139 | ||
| 041 | _ageo | ||
| 080 | _a664.84.047(075.8) გ-22 | ||
| 100 |
_aგაფრინდაშვილი, ინგა _913769 |
||
| 245 |
_aხილისა და ბოსტნეულის შრობის ტექნოლოგია : _bსახელმძღვანელო / _cინგა გაფრინდაშვილი; რედაქტორი მერაბ არძენაძე; ბათუმის შოთა რუსთაველის სახელმწიფო უნივერსიტეტის ტექნოლოგიური ფაკულტეტი. აგროტექნოლოგიისა და აგროინჟინერიის დეპარტამენტი. |
||
| 653 | _aხილის სრობის ტექნოლოგია | ||
| 653 | _aბოსტნეულის შრობის ტექნოლოგია | ||
| 653 | _aაგროტექნოლოგია | ||
| 700 |
_aარძენაძე, მერაბ _eრედაქტორი _913770 |
||
| 710 |
_aბათუმის შოთა რუსთაველის სახელმწიფო უნივერსიტეტის ტექნოლოგიური ფაკულტეტი. _bაგროტექნოლოგიისა და აგროინჟინერიის დეპარტამენტი. _913771 |
||
| 942 |
_2udc _cBK |
||